Trouve le titre d’un rappeur #1 - Statistiques

Statistiques générales
  • Ce quiz a été pris 39 fois
    38 depuis la dernière actualisation
  • Le résultat moyen est 5 sur 20
Statistiques - réponses
Hint Réponse % Correct
Freeze corleone / LMF / F Freeze rael
66%
Kaaris / Or noir / B Bizon / Binks / Bouchon de liège / Bébé
56%
Nekfeu / Feu / O On verra
53%
Ziak / akimbo / F Fixette
50%
Kalash criminel / RAS / 1 10 12 14 bureau
47%
Zola / Survie / 9 9113
34%
Lorenzo / Rien à branler / F Fume à fond / Faudrait
31%
PNL / dans la légende / J J’suis QLF / Jusqu’au dernier gramme / Je t’haine
28%
Oboy / Omega / A Avec toi / Alpha
22%
Luv resval / Étoile noir / T Tout s’en va / Tatooine
19%
Damso / Ipséité / S Signaler
16%
Sch / JVLIVS / T Tokarev
16%
Gims / pilule bleu / L Laissez passer
13%
PLK / Emma / L Les comptes / La vie c’est marrant
13%
Jul / La zone en personne / M Ma ché beauté / Ma chérie
13%
SDM / Ocho deluxe / P Passat / Prince de la Calle /
13%
Menace santana / ! / V Vengeance / Va au diable
13%
Mig / 02 gene / B Barbara kean
6%
Lallemand / Sixnueve / C C’qu’ils m’ont dit / C’est ça les rats
6%
Sasso / Enfant2larue 2 / C C’est ma vie / Chemin de la son-mai
3%
Aucun quiz correspondant
Distribution des résultats
% des personnes avec chaque résultat
Percentile par nombre de réponses
Votre historique - résultats
Vous n’avez pas pris ce quiz depuis la dernière actualisation